000
00302nam a2200133Ia 4500
005
20251222140111.0
008
251222s1900||||xx |||||||||||||| ||spa||
020
_a
848432170-3
082
_a
171.2/M12V
100
_a
MacIntyre, Alasdair
245
0
_a
Tras la Virtud
264
_b
CrÃtica
942
_c
LIB
999
_c
4308
_d
4308